[Event "HUN-chT2 Erkel 2324"]
[Site "Hunagry"]
[Date "2024.03.10"]
[Round "6.7"]
[White "Lovas, Zsolt"]
[Black "Szemelyi, Balazs"]
[Result "0-1"]
[WhiteElo "1890"]
[BlackElo "1854"]
[PlyCount "82"]
[EventDate "2023.10.08"]
[EventType "team-tourn"]
[EventRounds "9"]
[EventCountry "HUN"]
[SourceTitle "EXT 2025"]
[Source "ChessBase"]
[SourceDate "2024.10.14"]
[SourceVersion "1"]
[SourceVersionDate "2024.10.14"]
[SourceQuality "1"]
[WhiteTeam "HASE"]
[BlackTeam "Godolloi SBE"]
[WhiteTeamCountry "HUN"]
[BlackTeamCountry "HUN"]

1. e4 c5 2. c3 d5 3. exd5 Qxd5 4. d4 Nf6 5. Nf3 Bg4 6. Be2 e6 7. 0-0 Be7 8. Be3 0-0 9. h3 Bh5 10. dxc5 a5 11. c4 Qd7 12. Nc3 Rd8 13. Qxd7 Nbxd7 14. Na4 Ne4 15. Rad1 Nexc5 16. Nxc5 Nxc5 17. g4 Bg6 18. Ne5 Be4 19. b3 f6 20. Nf3 Kf7 21. Nd2 Bd3 22. Bxd3 Rxd3 23. Bxc5 Bxc5 24. Ne4 Rxd1 25. Rxd1 Be7 26. Rd7 Rb8 27. Nd6+ Kf8 28. Rxb7 Bxd6 29. Rxb8+ Bxb8 30. Kg2 Ke7 31. Kf3 Kd6 32. Ke4 Kc5 33. Kd3 Kb4 34. Kc2 f5 35. gxf5 exf5 36. f3 g5 37. Kb2 Be5+ 38. Kc2 h5 39. a3+ Kxa3 40. c5 Kb4 41. c6 Kc5 0-1

[Event "Budapest-chT1 Lilienthal 1112"]
[Site "Budapest"]
[Date "2012.03.18"]
[Round "10"]
[White "Lovas, Zsolt"]
[Black "Szabo, Peter2"]
[Result "1/2-1/2"]
[WhiteElo "2071"]
[BlackElo "1966"]
[PlyCount "90"]
[EventDate "2011.10.02"]
[EventType "team-tourn"]
[EventRounds "11"]
[EventCountry "HUN"]
[SourceTitle "EXT 2020"]
[Source "ChessBase"]
[SourceDate "2019.10.17"]
[SourceVersion "1"]
[SourceVersionDate "2019.10.17"]
[SourceQuality "1"]
[WhiteTeam "Budapest Honved III"]
[BlackTeam "Hid Unio"]
[WhiteTeamCountry "HUN"]
[BlackTeamCountry "HUN"]

1. e4 d6 2. d4 c6 3. c4 Nd7 4. Nc3 e5 5. d5 Be7 6. Nf3 Ngf6 7. Bd3 0-0 8. 0-0 a5 9. h3 Nc5 10. Bc2 Bd7 11. Be3 Na6 12. Na4 c5 13. Nc3 Ne8 14. a3 Bf6 15. Qd2 g6 16. Ne1 Bg7 17. Bh6 Nec7 18. Bd3 Rb8 19. Bxg7 Kxg7 20. Nb5 Ne8 21. f4 f6 22. fxe5 fxe5 23. Rxf8 Kxf8 24. Qh6+ Kg8 25. Nf3 Bxb5 26. cxb5 Nac7 27. Rf1 Nf6 28. Ng5 Nce8 29. Ne6 Qe7 30. g4 b6 31. g5 Nd7 32. Be2 Ng7 33. Bg4 Nf8 34. Rf6 Nfxe6 35. Bxe6+ Nxe6 36. Rxe6 Qf7 37. Rf6 Qe7 38. h4 Rf8 39. Qxf8+ Qxf8 40. Rxf8+ Kxf8 41. a4 Ke7 42. Kf2 Kf7 43. Kf3 Ke8 44. Kg4 Kf7 45. h5 Kg7 1/2-1/2

[Event "Budapest-chT1 Lilienthal 1112"]
[Site "Budapest"]
[Date "2011.10.02"]
[Round "1"]
[White "Lovas, Zsolt"]
[Black "Prorok, Marton"]
[Result "1/2-1/2"]
[WhiteElo "2071"]
[BlackElo "2236"]
[PlyCount "30"]
[EventDate "2011.10.02"]
[EventType "team-tourn"]
[EventRounds "11"]
[EventCountry "HUN"]
[SourceTitle "EXT 2020"]
[Source "ChessBase"]
[SourceDate "2019.10.17"]
[SourceVersion "1"]
[SourceVersionDate "2019.10.17"]
[SourceQuality "1"]
[WhiteTeam "Budapest Honved III"]
[BlackTeam "Fabulon"]
[WhiteTeamCountry "HUN"]
[BlackTeamCountry "HUN"]

1. e4 c5 2. c3 Nf6 3. e5 Nd5 4. d4 cxd4 5. cxd4 d6 6. exd6 Qxd6 7. Nc3 a6 8. Nf3 Nc6 9. Bc4 Nf6 10. h3 b5 11. Be2 Bb7 12. 0-0 Rd8 13. Be3 g6 14. a3 Bg7 15. Qd2 e6 1/2-1/2

[Event "HUN-chT2 Breyer 0910"]
[Site "Hungary"]
[Date "2010.01.31"]
[Round "5"]
[White "Lovas, Zsolt"]
[Black "Bagi, Mate"]
[Result "0-1"]
[WhiteElo "2081"]
[BlackElo "1969"]
[PlyCount "112"]
[EventDate "2009.11.08"]
[EventType "team-tourn"]
[EventRounds "11"]
[EventCountry "HUN"]
[SourceTitle "EXT 2011"]
[Source "ChessBase"]
[SourceDate "2010.11.26"]
[SourceVersion "1"]
[SourceVersionDate "2010.11.26"]
[SourceQuality "1"]
[WhiteTeam "Honved II"]
[BlackTeam "Geniusz Tata"]
[WhiteTeamCountry "HUN"]
[BlackTeamCountry "HUN"]

1. e4 e5 2. Nf3 Nc6 3. d4 exd4 4. Nxd4 Nf6 5. Nxc6 bxc6 6. Bd3 d5 7. exd5 cxd5 8. 0-0 Be7 9. Bg5 0-0 10. c3 h6 11. Bf4 Bd6 12. Bxd6 Qxd6 13. Nd2 Rb8 14. Rb1 c5 15. h3 Bb7 16. Qc2 Nh5 17. Rfe1 Nf4 18. Bf1 Rbe8 19. Rbd1 d4 20. cxd4 cxd4 21. Qf5 g6 22. Qg4 Qf6 23. Qg3 Re6 24. Rxe6 fxe6 25. f3 Kg7 26. Kh2 Rf7 27. Qe1 Nd5 28. Nc4 Qf4+ 29. Qg3 g5 30. Nd6 Rd7 31. Qxf4 gxf4 32. Nc4 Ne3 33. Nxe3 fxe3 34. Bd3 Kf6 35. Kg1 e5 36. Rc1 Rd6 37. Kf1 Rb6 38. Rc2 Rc6 39. Rxc6+ Bxc6 40. Ke2 a5 41. h4 h5 42. g3 Bd5 43. b3 Bf7 44. Be4 Be6 45. Bd3 Bf7 46. g4 hxg4 47. fxg4 Be6 48. g5+ Kg7 49. Be4 Bg4+ 50. Ke1 Kh8 51. a3 Be6 52. b4 axb4 53. axb4 Bc4 54. Bb1 d3 55. h5 e4 56. h6 Bb3 0-1

[Event "HUN-chT2 Breyer 0910"]
[Site "Hungary"]
[Date "2009.11.08"]
[Round "1"]
[White "Gal, Lajos"]
[Black "Lovas, Zsolt"]
[Result "1/2-1/2"]
[WhiteElo "2123"]
[BlackElo "2081"]
[PlyCount "104"]
[EventDate "2009.11.08"]
[EventType "team-tourn"]
[EventRounds "11"]
[EventCountry "HUN"]
[SourceTitle "EXT 2011"]
[Source "ChessBase"]
[SourceDate "2010.11.26"]
[SourceVersion "1"]
[SourceVersionDate "2010.11.26"]
[SourceQuality "1"]
[WhiteTeam "Zoltek"]
[BlackTeam "Honved II"]
[WhiteTeamCountry "HUN"]
[BlackTeamCountry "HUN"]

1. d4 Nf6 2. Nf3 g6 3. Bf4 Bg7 4. Nbd2 d5 5. e3 0-0 6. Bd3 c5 7. c3 cxd4 8. exd4 Nc6 9. h3 Bd7 10. 0-0 Qc8 11. Ne5 Bf5 12. Qe2 Bxd3 13. Nxd3 Re8 14. Rfe1 Na5 15. Ne5 Qf5 16. Bh2 Nc6 17. g4 Qc8 18. Qf3 Nxe5 19. dxe5 Ne4 20. Nxe4 dxe4 21. Qxe4 e6 22. Rad1 Qc7 23. Rd4 Rad8 24. Red1 b6 25. Bf4 h6 26. h4 Rxd4 27. Rxd4 Rd8 28. Kg2 Rxd4 29. cxd4 Qe7 30. g5 h5 31. Qc6 Qb4 32. Qc3 Qb5 33. b3 Qe2 34. a3 Qe4+ 35. Kg3 Qh1 36. Qf3 Qg1+ 37. Kh3 Qf1+ 38. Kh2 Qa1 39. Qa8+ Bf8 40. Qxa7 Qxd4 41. Bg3 Qb2 42. b4 Qd4 43. Qa8 b5 44. Qf3 Qc4 45. Bf4 Bg7 46. Qa8+ Bf8 47. Bg3 Qd3 48. Kg2 Kg7 49. Qf3 Qc4 50. Qf6+ Kg8 51. Qf4 Qd5+ 52. Qf3 Qc4 1/2-1/2

[Event "HUN-chT2 Erkel 0809"]
[Site "Hungary"]
[Date "2009.03.08"]
[Round "9.5"]
[White "Lovas, Zsolt"]
[Black "Takacs, Lajos"]
[Result "0-1"]
[WhiteElo "2081"]
[BlackElo "2216"]
[PlyCount "64"]
[EventDate "2008.10.26"]
[EventType "tourn"]
[EventRounds "11"]
[EventCountry "HUN"]
[SourceTitle "EXT 2010"]
[Source "ChessBase"]
[SourceDate "2010.11.25"]
[SourceVersion "1"]
[SourceVersionDate "2010.11.25"]
[SourceQuality "1"]
[WhiteTeam "HASE II"]
[BlackTeam "Ujszasz"]
[WhiteTeamCountry "HUN"]
[BlackTeamCountry "HUN"]

1. e4 c6 2. d4 g6 3. Nf3 Bg7 4. Nc3 d6 5. Be2 Nf6 6. 0-0 0-0 7. Be3 Nbd7 8. h3 e5 9. dxe5 dxe5 10. Qc1 Qe7 11. Nd2 Nc5 12. Bxc5 Qxc5 13. Nb3 Qb6 14. Na4 Qc7 15. Qe3 b6 16. Nc3 Be6 17. Rfd1 Rad8 18. Rxd8 Rxd8 19. Rd1 Rxd1+ 20. Bxd1 Ne8 21. Be2 Nd6 22. Nd2 Qe7 23. b3 f5 24. a4 Bf6 25. Nf3 f4 26. Qd3 Nb7 27. Qd2 Qc5 28. Nd1 a5 29. Qc3 Qd6 30. Qd2 Qe7 31. Nc3 Qb4 32. Nd5 cxd5 0-1

[Event "HUN-chT2 Erkel 0809"]
[Site "Hungary"]
[Date "2008.12.21"]
[Round "4.6"]
[White "Lovas, Zsolt"]
[Black "Farsang, Peter"]
[Result "0-1"]
[WhiteElo "2081"]
[BlackElo "2072"]
[PlyCount "76"]
[EventDate "2008.10.26"]
[EventType "tourn"]
[EventRounds "11"]
[EventCountry "HUN"]
[SourceTitle "EXT 2010"]
[Source "ChessBase"]
[SourceDate "2010.11.25"]
[SourceVersion "1"]
[SourceVersionDate "2010.11.25"]
[SourceQuality "1"]
[WhiteTeam "HASE II"]
[BlackTeam "Foti"]
[WhiteTeamCountry "HUN"]
[BlackTeamCountry "HUN"]

1. e4 c5 2. c3 d5 3. exd5 Qxd5 4. d4 Nf6 5. Nf3 Nc6 6. Be2 cxd4 7. cxd4 Bg4 8. Nc3 Qa5 9. 0-0 e6 10. Be3 Be7 11. Qb3 Qb4 12. Qxb4 Bxb4 13. h3 Bh5 14. g4 Bg6 15. Ne5 0-0 16. Nxg6 hxg6 17. Bf3 Rfd8 18. Rfd1 Rd7 19. g5 Bxc3 20. bxc3 Nd5 21. Bd2 Na5 22. Rab1 b6 23. Rb5 Rc8 24. Bxd5 Rxd5 25. Rdb1 Nc4 26. Rxd5 Nxd2 27. Rbb5 exd5 28. Rxd5 Rxc3 29. Rd8+ Kh7 30. d5 Rd3 31. d6 Nf3+ 32. Kf1 Nxg5 33. Ke2 Rd4 34. Ke3 Ne6 35. Rd7 a5 36. Rxf7 Rxd6 37. f4 Nc5 38. h4 Rd3+ 0-1

[Event "Budapest Spring op 22nd"]
[Site "Budapest"]
[Date "2006.03.31"]
[Round "9"]
[White "Bacso, Gabor"]
[Black "Lovas, Zsolt"]
[Result "1/2-1/2"]
[WhiteElo "2200"]
[BlackElo "2104"]
[PlyCount "50"]
[EventDate "2006.03.23"]
[EventType "swiss"]
[EventRounds "9"]
[EventCountry "HUN"]
[SourceTitle "CBM 111 Extra"]
[Source "ChessBase"]
[SourceDate "2006.05.09"]
[SourceVersion "1"]
[SourceVersionDate "2006.05.09"]
[SourceQuality "1"]

1. d4 Nf6 2. c4 g6 3. Nc3 d5 4. cxd5 Nxd5 5. e4 Nxc3 6. bxc3 Bg7 7. Nf3 c5 8. Rb1 0-0 9. Be2 Nc6 10. d5 Bxc3+ 11. Bd2 Bxd2+ 12. Qxd2 Nd4 13. Nxd4 cxd4 14. Qxd4 Qa5+ 15. Qd2 Qxd2+ 16. Kxd2 e6 17. dxe6 Bxe6 18. Rxb7 Rfb8 19. Rhb1 Rxb7 20. Rxb7 Bxa2 21. Ba6 Be6 22. Rc7 Rd8+ 23. Ke3 Rd7 24. Rxd7 Bxd7 25. Kd4 Kf8 1/2-1/2

[Event "Budapest Spring op 22nd"]
[Site "Budapest"]
[Date "2006.03.23"]
[Round "1"]
[White "Lovas, Zsolt"]
[Black "Galyas, Miklos"]
[Result "1/2-1/2"]
[WhiteElo "2104"]
[BlackElo "2374"]
[PlyCount "67"]
[EventDate "2006.03.23"]
[EventType "swiss"]
[EventRounds "9"]
[EventCountry "HUN"]
[SourceTitle "CBM 111 Extra"]
[Source "ChessBase"]
[SourceDate "2006.05.09"]
[SourceVersion "1"]
[SourceVersionDate "2006.05.09"]
[SourceQuality "1"]

1. e4 c5 2. c3 Nf6 3. e5 Nd5 4. d4 cxd4 5. cxd4 d6 6. exd6 Qxd6 7. Nc3 Nc6 8. Nf3 Bg4 9. Be2 e6 10. 0-0 Be7 11. Ne4 Qd8 12. h3 Bh5 13. Ng3 Bg6 14. Ne5 Nxe5 15. dxe5 0-0 16. Bh5 Qb6 17. Bxg6 hxg6 18. Ne4 Rac8 19. Re1 Rc4 20. b3 Rc6 21. Qe2 Rfc8 22. Bd2 Qd4 23. Qf3 Qxe5 24. Ng5 Qf5 25. Qg3 Bxg5 26. Bxg5 f6 27. Be3 a6 28. a3 g5 29. b4 Rc2 30. Rac1 Rxc1 31. Bxc1 Rc2 32. Be3 Kh7 33. Qg4 Nxe3 34. Qh5+ 1/2-1/2

[Event "HUN-chT2 Maroczy 0506"]
[Site "Hungary"]
[Date "2005.12.04"]
[Round "5"]
[White "Lovas, Zsolt"]
[Black "Gyurkovics, Miklos"]
[Result "0-1"]
[WhiteElo "2104"]
[BlackElo "2170"]
[PlyCount "88"]
[EventDate "2005.10.16"]
[EventType "team-tourn"]
[EventRounds "11"]
[EventCountry "HUN"]
[SourceTitle "EXT 2009"]
[Source "ChessBase"]
[SourceDate "2008.11.26"]
[SourceVersion "1"]
[SourceVersionDate "2008.11.26"]
[SourceQuality "1"]
[WhiteTeam "Honved II"]
[BlackTeam "Vasas"]
[WhiteTeamCountry "HUN"]
[BlackTeamCountry "HUN"]

1. e4 c5 2. c3 d6 3. d4 Nf6 4. Bd3 g6 5. Nf3 Bg7 6. h3 0-0 7. 0-0 Nfd7 8. Be3 Nc6 9. Nbd2 a6 10. a4 cxd4 11. Nxd4 Qc7 12. Rc1 b6 13. f4 Bb7 14. N4f3 Nc5 15. Bb1 b5 16. axb5 axb5 17. Nd4 Na7 18. N2f3 Nxe4 19. f5 Qd7 20. fxg6 hxg6 21. Bd3 e5 22. Ne2 Nc5 23. Bc2 Qe7 24. b4 Ne6 25. Bb3 d5 26. Qd2 Nc6 27. Rb1 d4 28. cxd4 exd4 29. Bh6 d3 30. Nc3 Ncd4 31. Nxd4 Bxd4+ 32. Kh1 Bxc3 33. Qxc3 Qh4 34. Bxe6 Qxh6 35. Bg4 Rfd8 36. Rbd1 Ra2 37. Bf3 Bxf3 38. Rxf3 Qg5 39. g4 Rc2 40. Qb3 Rd7 41. Rfxd3 Rdc7 42. Rd8+ Kh7 43. Qf3 Qe5 44. R8d2 Rxd2 0-1

[Event "HUN-chT2 Breyer 0405"]
[Site "Hungary"]
[Date "2005.04.10"]
[Round "10"]
[White "Lovas, Zsolt"]
[Black "Lorand, Norbert"]
[Result "1-0"]
[WhiteElo "2098"]
[BlackElo "1859"]
[PlyCount "97"]
[EventDate "2004.09.26"]
[EventType "team-tourn"]
[EventRounds "11"]
[EventCountry "HUN"]
[SourceTitle "EXT 2009"]
[Source "ChessBase"]
[SourceDate "2008.11.26"]
[SourceVersion "1"]
[SourceVersionDate "2008.11.26"]
[SourceQuality "1"]
[WhiteTeam "Honved II"]
[BlackTeam "Husi II"]
[WhiteTeamCountry "HUN"]
[BlackTeamCountry "HUN"]

1. e4 c5 2. Nf3 Nc6 3. d4 cxd4 4. Nxd4 Nf6 5. Nc3 e5 6. Ndb5 d6 7. Bd3 a6 8. Na3 b5 9. Nd5 Be7 10. Nxe7 Nxe7 11. 0-0 Bg4 12. f3 Qb6+ 13. Kh1 Be6 14. Bg5 Ng6 15. Qd2 Nh5 16. Be3 Qc6 17. Rfd1 0-0 18. b3 Nhf4 19. Bf1 d5 20. exd5 Nxd5 21. c4 Nxe3 22. Qxe3 b4 23. Nc2 a5 24. a3 bxa3 25. Rxa3 Rfb8 26. Bd3 f5 27. Re1 Qd6 28. c5 Qd7 29. Rc1 Rd8 30. b4 Nf4 31. Bf1 Qc7 32. b5 Nd5 33. Qf2 Rac8 34. Ne3 Ra8 35. Nxd5 Bxd5 36. c6 Rdb8 37. Qc5 Be6 38. Bc4 Bxc4 39. Qxc4+ Kf8 40. Rd1 Rd8 41. Rad3 Rxd3 42. Qxd3 a4 43. Qxf5+ Qf7 44. Qxf7+ Kxf7 45. c7 a3 46. b6 a2 47. Ra1 Ra3 48. c8Q Rb3 49. Qc4+ 1-0

[Event "Budapest FS12 FM-A"]
[Site "Budapest"]
[Date "2003.12.15"]
[Round "9"]
[White "Carlsen, Henrik"]
[Black "Lovas, Zsolt"]
[Result "0-1"]
[WhiteElo "2069"]
[BlackElo "2100"]
[PlyCount "106"]
[EventDate "2003.12.06"]
[EventType "tourn"]
[EventRounds "11"]
[EventCountry "HUN"]
[SourceTitle "CBM 097 Extra"]
[Source "ChessBase"]
[SourceDate "2004.01.13"]
[SourceVersion "1"]
[SourceVersionDate "2004.01.13"]
[SourceQuality "1"]

1. e4 c6 2. d4 d5 3. Nd2 dxe4 4. Nxe4 Nd7 5. Nf3 Ngf6 6. Nxf6+ Nxf6 7. Ne5 Nd7 8. Bf4 e6 9. Bd3 Nf6 10. c3 Be7 11. 0-0 0-0 12. h4 h6 13. Qf3 Qd5 14. Qe3 h5 15. f3 Qd8 16. c4 Nd7 17. Bg5 Nxe5 18. dxe5 Bxg5 19. hxg5 g6 20. g4 h4 21. Rad1 Qb6 22. c5 Qxb2 23. Rd2 Qb4 24. Rb1 Qa5 25. Be4 b6 26. Bxc6 Rb8 27. Rb5 Qa6 28. Qb3 Bb7 29. Bxb7 Rxb7 30. Rd6 Rc8 31. a4 Rbc7 32. cxb6 axb6 33. Rd1 Rc3 34. Qb1 Qxa4 35. Rf1 Qf4 36. Qe1 Rc2 37. Qxh4 Rc1 38. Rb1 Rxf1+ 39. Rxf1 Qxe5 40. Qf2 b5 41. f4 Qd5 42. Qe2 b4 43. Qe3 Rc3 44. Qf2 b3 45. Rb1 Qd3 46. Qf1 Qg3+ 47. Qg2 Qxf4 48. Rf1 Qe3+ 49. Kh1 Rc1 50. Qa8+ Kg7 51. Kg2 Qe2+ 52. Rf2 Qxg4+ 53. Kh2 Qg1+ 0-1

[Event "Budapest FS12 FM-A"]
[Site "Budapest"]
[Date "2003.12.13"]
[Round "7"]
[White "Koczo, Kristof"]
[Black "Lovas, Zsolt"]
[Result "1-0"]
[WhiteElo "2188"]
[BlackElo "2100"]
[PlyCount "111"]
[EventDate "2003.12.06"]
[EventType "tourn"]
[EventRounds "11"]
[EventCountry "HUN"]
[SourceTitle "CBM 097 Extra"]
[Source "ChessBase"]
[SourceDate "2004.01.13"]
[SourceVersion "1"]
[SourceVersionDate "2004.01.13"]
[SourceQuality "1"]

1. d4 Nf6 2. c4 g6 3. Nc3 d5 4. Nf3 Bg7 5. Bg5 Ne4 6. Bh4 Nxc3 7. bxc3 0-0 8. cxd5 Qxd5 9. Bxe7 Re8 10. Bh4 c5 11. e3 cxd4 12. cxd4 Nc6 13. Be2 Qa5+ 14. Qd2 Qxd2+ 15. Kxd2 Bf5 16. Rhc1 a6 17. Bd3 Bd7 18. Rab1 b5 19. Bg3 Bf8 20. Ne5 Nxe5 21. Bxe5 Rac8 22. Rxc8 Rxc8 23. d5 f5 24. Rc1 Bb4+ 25. Kd1 Rxc1+ 26. Kxc1 Kf7 27. Kc2 Ke7 28. a4 Bd6 29. f4 Bc5 30. Kd2 Bb4+ 31. Ke2 bxa4 32. Bxa6 a3 33. Bc4 Ba4 34. Kd3 Bd1 35. Ba2 Bc5 36. Bd4 Kd6 37. Kc3 Be2 38. Bxc5+ Kxc5 39. d6 Kxd6 40. Kb4 Bf1 41. g3 Bg2 42. Kxa3 Bd5 43. Bb1 Kc5 44. Kb2 Kb4 45. Bd3 Be6 46. Kc2 Bb3+ 47. Kd2 Bd5 48. Ba6 Ka5 49. Bc8 Kb4 50. Kd3 Be4+ 51. Kd4 Bc2 52. Be6 h6 53. Bf7 g5 54. Be6 gxf4 55. exf4 Be4 56. g4 1-0

[Event "Budapest FS12 FM-A"]
[Site "Budapest"]
[Date "2003.12.09"]
[Round "3"]
[White "Sallai, Kalman"]
[Black "Lovas, Zsolt"]
[Result "1-0"]
[WhiteElo "2198"]
[BlackElo "2100"]
[PlyCount "95"]
[EventDate "2003.12.06"]
[EventType "tourn"]
[EventRounds "11"]
[EventCountry "HUN"]
[SourceTitle "CBM 097 Extra"]
[Source "ChessBase"]
[SourceDate "2004.01.13"]
[SourceVersion "1"]
[SourceVersionDate "2004.01.13"]
[SourceQuality "1"]

1. e4 c6 2. d4 d5 3. exd5 cxd5 4. c4 e6 5. Nc3 Nf6 6. Nf3 Be7 7. c5 0-0 8. b4 b6 9. Bd3 a5 10. Na4 Nbd7 11. a3 bxc5 12. bxc5 Qc7 13. Qe2 Bb7 14. Bg5 Bc6 15. Nc3 Rfb8 16. a4 Qd8 17. Bf4 Rb4 18. Bb5 Qc8 19. Bd2 Rb2 20. 0-0 Ne4 21. Qe3 e5 22. Rfc1 exd4 23. Nxd4 Bxb5 24. Nxe4 Bc4 25. Nf5 Bf8 26. Bc3 Re2 27. Nh6+ Kh8 28. Ng5 d4 29. Qxe2 dxc3 30. Qxc4 gxh6 31. Nxf7+ Kg7 32. Rxc3 Bxc5 33. Rf1 Ra6 34. Ne5 Nxe5 35. Qxc5 Qxc5 36. Rxc5 Nd3 37. Rb5 Nf4 38. Rfb1 Ne2+ 39. Kf1 Nc3 40. Rb7+ Kg6 41. R1b6+ Rxb6 42. Rxb6+ Kg7 43. Rb7+ Kg6 44. Rb6+ Kg7 45. Ra6 Nxa4 46. Rxa5 Nc3 47. f3 Nd1 48. g4 1-0